Statistics for Districts of Kyrgyzstan on a map

Click here to take the quiz!

General Stats

  • This quiz has been taken 33 times
  • The average score is 23 of 56

Answers on the Map

Answers color-coded by a green-red scale on the quiz's map according to % correct below.
 

Answer Stats

RegionStatusDistricts% Correct
BishkekDistrictBirinchi May
70%
ChuyDistrictYsyk-Ata
70%
NarynDistrictAk-Talaa
60%
JalalabadDistrictAla-Buka
60%
BatkenCityBatken
60%
BatkenDistrictBatken
60%
Issyk-KulDistrictIssyk-Kul
60%
TalasDistrictKara-Buura
60%
OshDistrictKara-Kulja
60%
OshDistrictKara-Suu
60%
BishkekDistrictLenin
60%
BishkekDistrictOktyabr
60%
BishkekDistrictSverdlov
60%
TalasDistrictBakay-Ata
50%
ChuyDistrictChuy
50%
BatkenDistrictLeilek
50%
NarynCityNaryn
50%
NarynDistrictNaryn
50%
TalasDistrictTalas
50%
TalasCityTalas
50%
ChuyDistrictAlamüdün
40%
OshDistrictAlay
40%
Issyk-KulCityBalykchy
40%
OshDistrictChong-Alay
40%
JalalabadCityJalalabad
40%
ChuyDistrictJayyl
40%
BatkenDistrictKadamjay
40%
ChuyDistrictKemin
40%
TalasDistrictManas
40%
JalalabadCityMayluu-Suu
40%
ChuyDistrictPanfilov
40%
ChuyDistrictSokuluk
40%
Issyk-KulDistrictTong
40%
Issyk-KulDistrictTüp
40%
Issyk-KulDistrictAk-Suu
30%
JalalabadDistrictAksy
30%
OshDistrictAravan
30%
Issyk-KulCityKarakol
30%
JalalabadCityKara-Köl
30%
BatkenCityKyzyl-Kiya
30%
ChuyDistrictMoskva
30%
JalalabadDistrictNooken
30%
BatkenCitySulukta
30%
JalalabadCityTashkömür
30%
ChuyCityTokmok
30%
OshDistrictUzgen
30%
NarynDistrictAt-Bashy
20%
JalalabadDistrictBazar-Korgon
20%
JalalabadDistrictChatkal
20%
Issyk-KulDistrictJeti-Ögüz
20%
NarynDistrictJumgal
20%
OshDistrictNookat
20%
JalalabadDistrictSuzak
20%
JalalabadDistrictToguz-Toro
20%
JalalabadDistrictToktogul
20%
NarynDistrictKochkol
10%

Score Distribution

Percentile by Number Answered

Percent of People with Each Score

Your Score History

You have not taken this quiz